5HLuxD.jpg

KING HENRY VIII SENIOR AND PRIMARY SCHOOL LIBRARY OPAC

Bookshop girl in Paris / (Record no. 5904)

000 -LEADER
fixed length control field 00883pam a22003011i 4500
001 - CONTROL NUMBER
control field 019396009
003 - CONTROL NUMBER IDENTIFIER
control field Uk
005 - DATE AND TIME OF LATEST TRANSACTION
control field 20251127102458.0
006 - FIXED-LENGTH DATA ELEMENTS--ADDITIONAL MATERIAL CHARACTERISTICS
fixed length control field m || d |
007 - PHYSICAL DESCRIPTION FIXED FIELD--GENERAL INFORMATION
fixed length control field cr |||||||||||
008 - FIXED-LENGTH DATA ELEMENTS--GENERAL INFORMATION
fixed length control field 190315s2019 enk jo 000|f|eng|d
015 ## - NATIONAL BIBLIOGRAPHY NUMBER
National bibliography number GBB985430
Source bnb
020 ## - INTERNATIONAL STANDARD BOOK NUMBER
International Standard Book Number 9781471408410
040 ## - CATALOGING SOURCE
Original cataloging agency StDuBDS
Language of cataloging eng
Transcribing agency StDuBDS
Modifying agency Uk
-- KH8
Description conventions rda
-- pn
042 ## - AUTHENTICATION CODE
Authentication code ukblsr
082 ## - DEWEY DECIMAL CLASSIFICATION NUMBER
Classification number FIC COL
100 1# - MAIN ENTRY--PERSONAL NAME
Personal name Coles, Chloe,
Relator term author.
245 10 - TITLE STATEMENT
Title Bookshop girl in Paris /
Statement of responsibility, etc. Chloe Coles.
264 #1 - PRODUCTION, PUBLICATION, DISTRIBUTION, MANUFACTURE, AND COPYRIGHT NOTICE
Place of production, publication, distribution, manufacture London :
Name of producer, publisher, distributor, manufacturer Hot Key Books,
Date of production, publication, distribution, manufacture, or copyright notice 2019.
300 ## - PHYSICAL DESCRIPTION
Extent 250 pages :
Dimensions 20 cm.
336 ## - CONTENT TYPE
Content type term text
Source rdacontent
337 ## - MEDIA TYPE
Media type term computer
Source rdamedia
338 ## - CARRIER TYPE
Carrier type term online resource
Source rdacarrier
588 ## - SOURCE OF DESCRIPTION NOTE
Source of description note Description based on CIP data; resource not viewed.
650 #0 - SUBJECT ADDED ENTRY--TOPICAL TERM
Topical term or geographic name entry element Bennetts Bookshop (Imaginary organization)
Form subdivision Fiction.
655 #0 - INDEX TERM--GENRE/FORM
Genre/form data or focus term Young adult fiction.
942 ## - ADDED ENTRY ELEMENTS (KOHA)
Source of classification or shelving scheme
Koha item type Books - Fiction
Holdings
Withdrawn status Lost status Source of classification or shelving scheme Damaged status Not for loan Collection code Permanent Location Current Location Shelving location Date acquired Full call number Barcode Date last seen Price effective from Koha item type
          Fiction KH8 Senior School Library KH8 Senior School Library Fiction 2025-11-27 FIC COL 3KHSL000102550 2025-11-27 2025-11-27 Books - Fiction

Powered By KH8 IT Dept